Bibliografía de Pedro Bohigas Balaguer, profesor de la Escuela de Bibliotecarias / por Josefina Morató y Modesta Oñate...
Descripción Física:
30 p. ; 22 cm
Colección:
Quaderns de Treball ; 8
Otros Autores:
Oñate, Modesta
Materias:
Bohigas, Pere -- Bibliografia
MARC
| LEADER | 00000nam a2200000Ia 4500 | ||
|---|---|---|---|
| 001 | 8452 | ||
| 008 | 160829s1972 xx 000 0 cat d | ||
| 080 | |a FU-9-29 | ||
| 100 | |a Morató, Josefina |9 27527 | ||
| 245 | |a Bibliografía de Pedro Bohigas Balaguer, profesor de la Escuela de Bibliotecarias / por Josefina Morató y Modesta Oñate... | ||
| 260 | |a Barcelona : |b Escuela de Bibliotecarias de la Diputación de Barcelona, |c 1972 | ||
| 300 | |a 30 p. ; |c 22 cm | ||
| 490 | |a Quaderns de Treball ; 8 | ||
| 590 | |a Separata de: Biblioteconomia, 1971 | ||
| 650 | |a Bohigas, Pere |x Bibliografia |9 27528 | ||
| 700 | |a Oñate, Modesta |9 27529 | ||
| 710 | 2 | |a Escola de Bibliotecàries |9 54304 | |
| 901 | |a Arxiu | ||
| 942 | |n 1 | ||
| 952 | |0 0 |1 0 |4 0 |6 FU929 |7 1 |9 44425 |a Arxiu |b Arxiu |d 2016-12-01 |l 0 |o FU-9-29 |p 8452 |r 2016-12-01 00:00:00 |w 2016-12-01 |y ARXIU | ||
| 999 | |c 47006 |d 47006 | ||